书目信息 |
| 题名: |
宗教与道德之关系
|
|
| 作者: | 罗秉祥 , 万俊人 编 | |
| 分册: | ||
| 出版信息: | 北京 清华大学出版社 2003.04 |
|
| 页数: | 301页 | |
| 开本: | 20cm | |
| 丛书名: | ||
| 单 册: | ||
| 中图分类: | B82-055 | |
| 科图分类: | ||
| 主题词: | 伦理学 | |
| 电子资源: | ||
| ISBN: | 7-302-06317-6 | |
| 000 | 00606nam0 2200205 45 | |
| 001 | 0439389963 | |
| 005 | 2004042910562844 | |
| 010 | @a7-302-06317-6@dCNY 20.00 | |
| 100 | @a20040429d2003 km y0chiy0120 ea | |
| 101 | 0 | @achi |
| 102 | @aCN@b110000 | |
| 200 | 1 | @a宗教与道德之关系@AZong Jiao Yu Dao De Zhi Guan Xi@f罗秉祥,万俊人编@FLuo Bing Xiang,Wan Jun Ren Bian |
| 210 | @a北京@c清华大学出版社@d2003.04 | |
| 215 | @a301页@d20cm | |
| 606 | 0 | @a伦理学 |
| 690 | @aB82-055@v3 | |
| 701 | 0 | @a罗秉祥@ALuo Bing Xiang@4编 |
| 701 | 0 | @a万俊人@AWan Jun Ren@4编 |
| 801 | 0 | @aCN@bPFT@c20040429 |
| 905 | @dB82-055@eL937 | |
| 宗教与道德之关系/罗秉祥,万俊人编.-北京:清华大学出版社,2003.04 |
| 301页;20cm |
| ISBN 7-302-06317-6:CNY 20.00 |
| ● |
| 相关链接 |
|
|
|
正题名:宗教与道德之关系
索取号:B82-055/L937
 
预约/预借
| 序号 | 登录号 | 条形码 | 馆藏地/架位号 | 状态 | 备注 |
| 1 | 380667 | 203806676 | 社科库509/509社科库 21排1列5层/ [索取号:B82-055/L937] | 在馆 | |
| 2 | 380668 | 203806685 | 社科库509/509社科库 21排1列5层/ [索取号:B82-055/L937] | 在馆 | |
| 3 | 380669 | 203806694 | 社科库509/509社科库 21排1列5层/ [索取号:B82-055/L937] | 在馆 |